000 00282nam a22001337a 4500
008 180205b xxu||||| |||| 00| 0 eng d
020 _a9780071117227
041 _aeng
080 _a611
100 _a6
101 _aANA
245 _aHUMAN ANATOMY
_cMICHAEL.M
942 _2udc
_cBK
999 _c41817
_d41817